LDR 00945naa#a2200205#i#450# 001 EN\FGKOU VO SPBU MVD ROSSII\bibl\125803 005 20260701195643.3 011 ## _a2071-8284 100 ## _a20260630b2026####ek#y0engy0150####ca 101 0# _aRUS 102 ## _aRU 200 1# _aThe right to assemble: conditions for the exercise of civil liberties in the context of ensuring the stability of the state system (as assessed by Russian scholars of police law in the early 20th century) _eJournal article 210 1# _aSt. Petersburg _cSAINT-PETERSBURG UNIVERSITY OF THE MINISTRY OF INTERNAL AFFAIRS OF THE RUSSIAN FEDERATION _d2026 215 ## _a16 с. 608 ## _aJournal article _2local 675 ## _aИсторические типы и системы права. 340.15 _zRUS 686 ## _aТеория государства и права. 10.07 _2grnti 700 #1 _aNizhnik _gNadezhda Stepanovna 700 #1 _aKozinnikova _gEkaterina Nikolaevna 856 4# _aepinb.ru _u